000 02003cam a2200373 a 4500
001 110585
005 20230410105402.0
008 090911s2010 nyu b 001 0 eng
035 _a15903099
925 0 _aacquire
_b2 shelf copies
_xpolicy default
942 _2lcc
_cbk
010 _a 2009036867
020 _a9780307464224
020 _a0307464229
035 _a(OCoLC)ocn419797233
040 _aDLC
_cDLC
_dBTCTA
_dYDXCP
_dC#P
_dBWX
_dDLC
050 1 4 _aHB 501
_bB622r 2010
082 0 0 _a330.122
100 1 _aBishop, Matthew,
_d1964-
245 1 4 _aThe road from ruin :
_bhow to revive capitalism and put America back on top /
_cMatthew Bishop and Michael Green.
250 _a1st ed.
260 _aNew York :
_bCrown Business,
_cc2010.
300 _aviii, 373 p. ;
_c25 cm.
505 0 _aNobel laureates and shoeshine boys: how innovation leads to bubbles -- The moral maze: how governments people the world with fools -- Money makes the world go wrong: a brief history of global imbalances -- The dangers of denial: how inaction leads to depression -- The reformer's challenge: don't throw out the baby with the bathwater -- Economics with a human face: toward a less dismal science -- A new world order: the world must redesign how it is governed -- The age of philanthrocapitalism: capitalism must rediscover its soul -- We are the change: making the right choices means increasing the wisdom of crowds -- Conclusion: the road ahead.
504 _aIncludes bibliographical references (p. [353]-362) and index.
650 0 _aCapitalism.
650 0 _aCapitalism
_xMoral and ethical aspects.
650 0 _aFinancial crises
_xPrevention.
650 4 _aCapitalismo.
650 4 _aCapitalismo
_xAspectos morales y éticos.
700 1 _aGreen, Michael
_q(Michael F.)
856 4 2 _3Contributor biographical information
_uhttp://www.loc.gov/catdir/enhancements/fy1010/2009036867-b.html
856 4 2 _3Publisher description
_uhttp://www.loc.gov/catdir/enhancements/fy1010/2009036867-d.html
999 _c35619
_d35619